No Mercy - The Living Tombstone (all lyrics) - Statistics

General Stats
  • This quiz has been taken 34 times
  • The average score is 257 of 300
Answer Stats
Answer % Correct
a
100%
an
100%
any
100%
be
100%
go
100%
have
100%
I
100%
I'm
100%
me
100%
Mercy
100%
should
100%
the
100%
you,
100%
You
100%
you
100%
your
100%
Your
100%
and
94%
And
94%
for
94%
gonna
94%
is
94%
it
94%
kind
94%
losing
94%
not
94%
of
94%
picked
94%
should've
94%
so
94%
So
94%
support
94%
This
94%
this
94%
we
94%
We
94%
what
94%
What
94%
When
94%
all
88%
ever
88%
I'll
88%
it's
88%
just
88%
on
88%
then
88%
Then
88%
to
88%
up
88%
What's
88%
with
88%
worst
88%
you're
88%
You're
88%
about
81%
already
81%
are
81%
don't
81%
ended
81%
fault
81%
game
81%
how
81%
idea
81%
idea?
81%
"If
81%
in
81%
live
81%
my
81%
why
81%
Bastion
75%
Bastion!
75%
chose
75%
comes
75%
every
75%
her?"
75%
life
75%
like
75%
McCree
75%
Nerf
75%
played
75%
team
75%
Team
75%
tears
75%
that
75%
Tracer
75%
wanna
75%
Winston
75%
works
75%
been
69%
Genji
69%
learn
69%
marry
69%
much,
69%
now
69%
our
69%
right,
69%
Widowmaker?
69%
Widowmaker
69%
2
63%
can
63%
click
63%
dies
63%
everyone
63%
finally
63%
Fortress
63%
get
63%
guess
63%
I've
63%
lecture
63%
point
63%
won't
63%
back
56%
helping
56%
mad
56%
Maybe
56%
most
56%
person
56%
playing
56%
tries
56%
type
56%
understand
56%
useless
56%
as
50%
gets
50%
got
50%
mic
50%
never
50%
rage
50%
seen
50%
sympathise
50%
think
50%
hard
44%
quit
44%
anybody
38%
No matching quizzes found
Score Distribution
Percent of People with Each Score
Percentile by Number Answered
Your Score History
You have not taken this quiz